| 000 | 01960nam0a2200385 i 4500 | ||
|---|---|---|---|
| 001 | RU\NLR\bibl\1933595 | ||
| 005 | 20241110073403.0 | ||
| 010 |
_a9785916573312 _93000 |
||
| 021 |
_aRU _b2012-54306 _93958 |
||
| 035 | _a(NLR Aleph) 001922926 | ||
| 090 |
_a3330730 _c3330730 |
||
| 100 | _a20120813d2012 u y0rusy50 ca | ||
| 101 | 1 |
_arus _ceng |
|
| 102 | _aRU | ||
| 105 | _aa ||||||||| | ||
| 200 | 1 |
_aДизайн-мышление _eот разработки новых продуктов до проектирования бизнес-моделей _fТим Браун _gпер. с англ. Владимира Хозинского |
|
| 210 |
_aМосква _cМанн, Иванов и Фербер _d2012 |
||
| 215 |
_a252 с. _cил. _d24 |
||
| 300 | _aЗагл. обл.: Дизайн-мышление в бизнесе | ||
| 300 | _aЗагл. и авт. ориг.: Change by design: how design thinking transforms organizations and inspires innovation / Tim Brown | ||
| 454 | 0 |
_12001#$aChange by design: how design thinking transforms organizations and inspires innovation _1700#1$aBrown$bT.$gTim$cдизайнер$3RU\NLR\AUTH\770184087$4070 _tChange by design: how design thinking transforms organizations and inspires innovation _aBrown, Tim (дизайнер) |
|
| 512 | 1 |
_6z45790 _aДизайн-мышление в бизнесе |
|
| 606 | 1 |
_aПредпринимательство _xУправление _92217130 _3RU\NLR\auth\661331537 |
|
| 606 |
_aТворческое мышление _91710349 _3RU\NLR\auth\66762213 |
||
| 686 | _aУ5-13-21 | ||
| 686 | _aЮ935.131.2 | ||
| 686 | _aЮ945.1 | ||
| 700 | 1 |
_4070 _7ca _8rus _aБраун _bТ. _cдизайнер _gТим _9184035 _3RU\NLR\AUTH\770184086 |
|
| 790 | 1 |
_4070 _7ca _8rus _aБраун _bТ. _cдизайнер _gТим _9184035 _3RU\NLR\AUTH\770184086 |
|
| 801 | 0 |
_aRU _bNLR _c20120813 _gRCR |
|
| 801 | 1 |
_aRU _bNLR _c20120813 |
|
| 942 | _cBOOK | ||
| 980 | _aNBR | ||